Probably pistachio / (Record no. 6976)

MARC details
000 -LEADER
fixed length control field 01001nam a22003017a 4500
001 - CONTROL NUMBER
control field 6976
003 - CONTROL NUMBER IDENTIFIER
control field FISKH
005 - DATE AND TIME OF LATEST TRANSACTION
control field 20250613102331.0
008 - FIXED-LENGTH DATA ELEMENTS--GENERAL INFORMATION
fixed length control field 250613b cb ||||| |||| 00| 0 eng d
020 ## - INTERNATIONAL STANDARD BOOK NUMBER
International Standard Book Number 9780064467346
040 ## - CATALOGING SOURCE
Original cataloging agency FISKH
Language of cataloging eng
Transcribing agency FISKH
Modifying agency FISKH
050 ## - LIBRARY OF CONGRESS CALL NUMBER
Classification number QA273 .M87
082 ## - DEWEY DECIMAL CLASSIFICATION NUMBER
Classification number 519.2
100 ## - MAIN ENTRY--PERSONAL NAME
Personal name J.Murphy, Stuart
Dates associated with a name (1942–)
245 ## - TITLE STATEMENT
Title Probably pistachio /
Statement of responsibility, etc. By Stuart J.Murphy ; Illustrated by Marsha Winborn
250 ## - EDITION STATEMENT
Edition statement This edition first published in 2001
260 ## - PUBLICATION, DISTRIBUTION, ETC.
Place of publication, distribution, etc. New York :
Name of publisher, distributor, etc. HarperCollins,
Date of publication, distribution, etc. 2001
300 ## - PHYSICAL DESCRIPTION
Extent 30 unnumbered pages :
Other physical details color illustrations ;
Dimensions 21 x 26 cm
505 ## - FORMATTED CONTENTS NOTE
Formatted contents note L<br/>
520 ## - SUMMARY, ETC.
Summary, etc. Readers are introduced to the concept of probability in a story about a boy who has a day in which nothing goes right.<br/>
521 8# - TARGET AUDIENCE NOTE
Target audience note 520<br/>
Source Lexile<br/>
521 8# - TARGET AUDIENCE NOTE
Target audience note L<br/><br/>
Source Raz-Plus<br/>
650 ## - SUBJECT ADDED ENTRY--TOPICAL TERM
Source of heading or term MathStart
Topical term or geographic name entry element Probability
650 ## - SUBJECT ADDED ENTRY--TOPICAL TERM
Source of heading or term Stuart Murphy Bin
Topical term or geographic name entry element Math Basket
700 ## - ADDED ENTRY--PERSONAL NAME
Personal name Winborn, Marsha
Dates associated with a name illustrator
942 ## - ADDED ENTRY ELEMENTS (KOHA)
Source of classification or shelving scheme Dewey Decimal Classification
Koha item type Books
Suppress in OPAC No
Holdings
Withdrawn status Lost status Source of classification or shelving scheme Damaged status Not for loan Collection Home library Current library Shelving location Date acquired Total Checkouts Full call number Barcode Date last seen Copy number Price effective from Koha item type
    Library of Congress Classification     Juvenile Fiction Footprints International School Library Network Toul Tom Poung Campus Footprints International School Library Network Toul Tom Poung Campus TTP Primary Yellow Bookshelves 06/13/2025   MUR 519.2 QA273 .M87 2025-1618 06/13/2025 1 06/13/2025 Books